|
|
|
|
| LEADER |
00000ny a22000003n 4500 |
| 005 |
20110719120218.0 |
| 008 |
060628s2006 sp 001 0 spa c |
| 017 |
|
|
|a D.L. SE.2068-2006
|
| 020 |
|
|
|a 8497728238
|
| 024 |
8 |
|
|a 9788497728232
|
| 035 |
|
|
|a 1397
|
| 040 |
|
|
|a UCA-JER
|d vlex
|
| 040 |
|
|
|a UMA.RE
|d vlex
|
| 080 |
|
|
|a 343.22(0.034)
|
| 090 |
|
|
|c 133
|d 133
|
| 100 |
1 |
|
|a Gm̤ez Martn̕, Vc̕tor
|
| 245 |
1 |
0 |
|a Delito especial con autor inidn̤eo
|h [Recurso electrn̤ico]
|b ¿tentativa punible o delito putativo?/
|c Vc̕tor Gm̤ez Martn̕
|
| 256 |
|
|
|a Servicio en ln̕ea
|
| 260 |
|
|
|a Madrid :
|b Dykinson,
|c D.L. 2006
|
| 300 |
|
|
|a 223 p. ;
|c 21cm
|
| 506 |
1 |
|
|a Contenido solo disponible en los productos indicados
|d vLex Global
|d vLex Global (Academic Edition, excluding Law Schools)
|d vLex Global (U.S. Academic Edition, Law Schools)
|d vLex Global (U.S. Academic Edition, excluding Law Schools)
|d vLex Global (Academic Edition, Law Schools)
|
| 650 |
0 |
4 |
|a Toxicomana̕ y delincuencia
|z Spain
|
| 740 |
0 |
|
|a vLex Libros (Servicios en ln̕ea)
|
| 856 |
4 |
0 |
|z Texto completo (Vlex)
|u https://app.vlex.com/#/sources/1397
|
| 942 |
|
|
|c BOOK
|
| 999 |
0 |
4 |
|a Crime
|b Espaą
|